| 000 | 02186cam a2200589 i 4500 | ||
|---|---|---|---|
| 001 | 6495 | ||
| 003 | KOSZ 005 | ||
| 005 | 20250702063745.0 | ||
| 008 | 250701s1991 pl a f 001 0 pol | ||
| 015 | _aUWD 1991/8836 | ||
| 020 | _a8301058897 | ||
| 035 | _a991001940049705066 | ||
| 035 | _a(PL-WaBN)b10542620-48omnis_nlop | ||
| 035 | _ab10542620 | ||
| 035 | _a(OCoLC)751306099 | ||
| 035 | _axx001580396 | ||
| 035 | _a(PL)b0000001054262 | ||
| 035 | _a(EXLNZ-48OMNIS_NETWORK)9910468797205606 | ||
| 040 |
_aWA N _cWA N _dKOSZ 005/RW |
||
| 046 | _k1985 | ||
| 080 | _a621.01 | ||
| 080 | _a539.4 | ||
| 080 | _a519.6 | ||
| 080 | _a(075.8) | ||
| 245 | 0 | 0 |
_aPodstawy obliczeń zmęczeniowych / _cStanisław Kocańda, Józef Szala. |
| 250 | _aWydanie 2. | ||
| 260 |
_aWarszawa : _bPaństwowe Wydawnictwo Naukowe, _c1991. |
||
| 300 |
_a276 stron : _bfotografie, rysunki, wykresy ; _c24 cm. |
||
| 336 |
_aTekst _btxt _2rdacontent |
||
| 337 |
_aBez urządzenia pośredniczącego _bn _2rdamedia |
||
| 338 |
_aWolumin _bnc _2rdacarrier |
||
| 380 | _aKsiążki | ||
| 380 | _aPublikacje dydaktyczne | ||
| 380 | _aPublikacje naukowe | ||
| 385 |
_mPoziom nauczania _aSzkoły wyższe |
||
| 388 | 1 | _a1901-2000 | |
| 388 | 1 | _a1989-2000 | |
| 490 | 1 | _aPodstawy Konstrukcji Maszyn | |
| 504 | _aBibliografia na stronach [272]-273. Indeks. | ||
| 521 | 8 | _aKsiążka jest podręcznikiem dla studentów wydziałów mechanicznych wyższych uczelni technicznych. Może być pomocą dla studentów innych wydziałów politechnicznych, dla inżynierów, projektantów i konstruktorów. | |
| 650 | 7 |
_aKonstrukcje maszyn i urządzeń _2DBN |
|
| 650 | 7 |
_aWytrzymałość materiałów _2DBN |
|
| 655 | 7 |
_aPodręczniki akademickie _2DBN |
|
| 658 | _aInżynieria i technika | ||
| 700 | 1 |
_aKocańda, Stanisław _d(1922-2006) _eAutor |
|
| 700 | 1 |
_aSzala, Józef _d(1938-2023) _eAutor |
|
| 710 | 2 |
_aPaństwowe Wydawnictwo Naukowe _4pbl |
|
| 830 | 0 | _aPodstawy Konstrukcji Maszyn | |
| 856 |
_uhttps://koha.tu.koszalin.pl/cgi-bin/koha/opac-detail.pl?biblionumber=6495 _yKatalog online BPK |
||
| 942 |
_2UKD _cKS |
||
| 999 |
_c6495 _d6495 |
||